[Event "ISL-chT Kvika 2324"]
[Site "Reykjavik"]
[Date "2023.10.14"]
[Round "4.3"]
[White "Sammalvuo, Tapani"]
[Black "Ingvason, Johann"]
[Result "1-0"]
[WhiteElo "2386"]
[BlackElo "2069"]
[PlyCount "65"]
[EventDate "2023.10.12"]
[EventType "team-tourn"]
[EventRounds "10"]
[EventCountry "ISL"]
[SourceTitle "Mega2024 Update 01"]
[Source "Chessbase"]
[SourceDate "2023.11.12"]
[SourceVersion "1"]
[SourceVersionDate "2023.11.12"]
[SourceQuality "1"]
[WhiteTeam "Vikingaklubburinn"]
[BlackTeam "Taflfelag Vestmannaeyja"]
[WhiteTeamCountry "ISL"]
[BlackTeamCountry "ISL"]

1. d4 d5 2. c4 c6 3. cxd5 cxd5 4. Nf3 Bf5 5. Qb3 Qc8 6. Nc3 e6 7. Bf4 Nc6 8. a3 Qd7 9. e3 f6 10. Be2 g5 11. Bg3 Nh6 12. h4 g4 13. Nh2 Rg8 14. Rd1 Rd8 15. Bf4 Nf7 16. Nf1 Bd6 17. Ng3 Bxf4 18. Nh5 Qe7 19. Nxf4 Nd6 20. Ncxd5 exd5 21. Nxd5 Qf7 22. Nxf6+ Qxf6 23. Qxg8+ Kd7 24. Qg5 Ne4 25. Qf4 g3 26. fxg3 Rg8 27. 0-0 Nxg3 28. Bd3 Ne7 29. Bb5+ Kd8 30. Qb8+ Nc8 31. Rc1 Qe7 32. Rf3 Qg7 33. Rxc8+ 1-0

[Event "FIN-chT 2223"]
[Site "Finland"]
[Date "2023.04.02"]
[Round "11.1"]
[White "Sammalvuo, Tapani"]
[Black "Binham, Timothy F"]
[Result "1-0"]
[WhiteElo "2416"]
[BlackElo "2285"]
[PlyCount "57"]
[EventDate "2022.09.24"]
[EventType "team-tourn"]
[EventRounds "11"]
[EventCountry "FIN"]
[SourceTitle "EXT 2024"]
[Source "ChessBase"]
[SourceDate "2023.10.10"]
[SourceVersion "1"]
[SourceVersionDate "2023.10.10"]
[SourceQuality "1"]
[WhiteTeam "Raahe Li"]
[BlackTeam "Helsinki HSK"]
[WhiteTeamCountry "FIN"]
[BlackTeamCountry "FIN"]

1. d4 e6 2. c4 b6 3. e4 Bb7 4. Bd3 Bb4+ 5. Bd2 Bxd2+ 6. Qxd2 Qf6 7. Nf3 Nc6 8. d5 Ne5 9. Nxe5 Qxe5 10. 0-0 Ne7 11. Nc3 g5 12. f4 gxf4 13. Rxf4 Ng6 14. Rf2 0-0-0 15. Be2 h5 16. Rxf7 Rdg8 17. Raf1 Nh4 18. R1f2 Qd6 19. Nb5 Qc5 20. Qd4 a6 21. b4 Qxd4 22. Nxd4 Ng6 23. dxe6 dxe6 24. Nxe6 Bxe4 25. Rxc7+ Kb8 26. Rg7 Rxg7 27. Nxg7 h4 28. Rf6 Kc7 29. Ne6+ 1-0

[Event "FIN-chT 2223"]
[Site "Finland"]
[Date "2023.04.01"]
[Round "10.1"]
[White "Sipila, Vilka"]
[Black "Sammalvuo, Tapani"]
[Result "1-0"]
[WhiteElo "2433"]
[BlackElo "2416"]
[PlyCount "137"]
[EventDate "2022.09.24"]
[EventType "team-tourn"]
[EventRounds "11"]
[EventCountry "FIN"]
[SourceTitle "EXT 2024"]
[Source "ChessBase"]
[SourceDate "2023.10.10"]
[SourceVersion "1"]
[SourceVersionDate "2023.10.10"]
[SourceQuality "1"]
[WhiteTeam "Turku TuTS"]
[BlackTeam "Raahe Li"]
[WhiteTeamCountry "FIN"]
[BlackTeamCountry "FIN"]

1. e4 e5 2. Nf3 Nf6 3. Nxe5 d6 4. Nf3 Nxe4 5. d4 d5 6. Bd3 Be7 7. 0-0 Bf5 8. Re1 0-0 9. Nbd2 Nd6 10. Nf1 Bxd3 11. Qxd3 c6 12. Ng3 Na6 13. Ne5 Nc7 14. b3 Re8 15. c4 f6 16. Nf3 Bf8 17. Bf4 Qd7 18. c5 Nf7 19. a4 Rxe1+ 20. Rxe1 Re8 21. Rb1 Ne6 22. Be3 Rb8 23. b4 b6 24. h4 Be7 25. Nf5 g6 26. Nxe7+ Qxe7 27. b5 Rc8 28. h5 f5 29. cxb6 axb6 30. bxc6 Rxc6 31. Qa6 Nc7 32. Qb7 Qe6 33. Bf4 Ne8 34. Ne5 Nxe5 35. Bxe5 g5 36. f3 f4 37. Kf1 h6 38. Re1 Qc8 39. Qxc8 Rxc8 40. Rb1 Rc6 41. Rb5 Nd6 42. Rxd5 Nc4 43. Rd8+ Kf7 44. d5 Rc5 45. Bd4 Ra5 46. Ke2 Ke7 47. Rc8 Rxa4 48. Rc6 Nd6 49. Bxb6 Nf5 50. Bc5+ Kf7 51. Kd3 Ra1 52. Rc7+ Kf6 53. Bd4+ Nxd4 54. Kxd4 Ra2 55. Rc6+ Kf5 56. Rxh6 Rxg2 57. d6 Rd2+ 58. Kc3 Rd1 59. Rg6 g4 60. fxg4+ Ke5 61. h6 f3 62. h7 Rh1 63. d7 f2 64. d8Q Rc1+ 65. Kb4 Rb1+ 66. Ka5 Ra1+ 67. Kb6 Rb1+ 68. Kc7 Rc1+ 69. Rc6 1-0

[Event "FIN-chT 2223"]
[Site "Finland"]
[Date "2022.11.12"]
[Round "6.1"]
[White "Luukkonen, Tommi"]
[Black "Sammalvuo, Tapani"]
[Result "1-0"]
[WhiteElo "2250"]
[BlackElo "2416"]
[PlyCount "59"]
[EventDate "2022.09.24"]
[EventType "team-tourn"]
[EventRounds "11"]
[EventCountry "FIN"]
[SourceTitle "EXT 2024"]
[Source "ChessBase"]
[SourceDate "2023.10.10"]
[SourceVersion "1"]
[SourceVersionDate "2023.10.10"]
[SourceQuality "1"]
[WhiteTeam "Jyvaskyla JyS"]
[BlackTeam "Raahe Li"]
[WhiteTeamCountry "FIN"]
[BlackTeamCountry "FIN"]

1. e4 e5 2. Nf3 Nc6 3. Bb5 a6 4. Ba4 Nf6 5. 0-0 Be7 6. Re1 b5 7. Bb3 0-0 8. h3 d6 9. c3 Nb8 10. d4 Nbd7 11. c4 c6 12. Qc2 Bb7 13. a3 bxc4 14. Bxc4 d5 15. dxe5 Nxe4 16. Ba2 Nec5 17. Nd4 Re8 18. Nc3 Bf8 19. b4 Ne6 20. Nf5 d4 21. Ne4 Nxe5 22. Bb2 Rc8 23. Nc5 Nxc5 24. bxc5 Qg5 25. Qe4 Ng6 26. Qf3 Qf4 27. Bxf7+ Kxf7 28. Qb3+ Kf6 29. Nxd4 Ne5 30. Nf3 1-0

[Event "FIN-chT 2223"]
[Site "Finland"]
[Date "2022.11.05"]
[Round "5.1"]
[White "Agopov, Mikael"]
[Black "Sammalvuo, Tapani"]
[Result "1/2-1/2"]
[WhiteElo "2464"]
[BlackElo "2416"]
[PlyCount "60"]
[EventDate "2022.09.24"]
[EventType "team-tourn"]
[EventRounds "11"]
[EventCountry "FIN"]
[SourceTitle "EXT 2024"]
[Source "ChessBase"]
[SourceDate "2023.10.10"]
[SourceVersion "1"]
[SourceVersionDate "2023.10.10"]
[SourceQuality "1"]
[WhiteTeam "Helsinki Ninja"]
[BlackTeam "Raahe Li"]
[WhiteTeamCountry "FIN"]
[BlackTeamCountry "FIN"]

1. d4 d5 2. c4 e6 3. Nc3 Be7 4. Nf3 Nf6 5. Bg5 h6 6. Bh4 0-0 7. e3 Ne4 8. Bxe7 Qxe7 9. Rc1 c6 10. Bd3 Nxc3 11. Rxc3 dxc4 12. Rxc4 Nd7 13. 0-0 e5 14. dxe5 Nxe5 15. Re4 Nxf3+ 16. Qxf3 Be6 17. Bc4 Rad8 18. Bxe6 fxe6 19. Qe2 Rd5 20. Rd1 Qf6 21. Red4 Rfd8 22. g3 Rxd4 23. Rxd4 Rxd4 24. exd4 Qxd4 25. Qxe6+ Kh7 26. Qf5+ Kg8 27. Qc8+ Kh7 28. Qf5+ Kg8 29. Qc8+ Kh7 30. Qf5+ Kg8 1/2-1/2

[Event "FIN-chT 2223"]
[Site "Finland"]
[Date "2022.10.16"]
[Round "4.1"]
[White "Koykka, Pekka"]
[Black "Sammalvuo, Tapani"]
[Result "1/2-1/2"]
[WhiteElo "2353"]
[BlackElo "2416"]
[PlyCount "135"]
[EventDate "2022.09.24"]
[EventType "team-tourn"]
[EventRounds "11"]
[EventCountry "FIN"]
[SourceTitle "EXT 2024"]
[Source "ChessBase"]
[SourceDate "2023.10.10"]
[SourceVersion "1"]
[SourceVersionDate "2023.10.10"]
[SourceQuality "1"]
[WhiteTeam "Gambiitti"]
[BlackTeam "Raahe Li"]
[WhiteTeamCountry "FIN"]
[BlackTeamCountry "FIN"]

1. Nf3 d5 2. g3 Nf6 3. Bg2 e6 4. 0-0 Be7 5. c4 0-0 6. b3 c5 7. e3 b6 8. d4 cxd4 9. Nxd4 Bb7 10. Bb2 Qd7 11. Qf3 Na6 12. Nc3 Nc5 13. cxd5 Nxd5 14. Nxd5 Bxd5 15. Qg4 g6 16. Rad1 Bxg2 17. Kxg2 Qb7+ 18. Nf3 Rad8 19. h4 b5 20. Bd4 Ne4 21. Kg1 Bf6 22. Qf4 Bxd4 23. exd4 Nc3 24. Rd2 b4 25. h5 Rd5 26. Ne5 f6 27. Ng4 Rxh5 28. f3 Qe7 29. Re1 Rd5 30. Qe3 Rd6 31. Qd3 Qc7 32. Kg2 e5 33. Qe3 Rfd8 34. Rf2 Nd5 35. Qe4 Nc3 36. Qe3 Re6 37. dxe5 fxe5 38. Qg5 Qe7 39. Qxe7 Rxe7 40. Nxe5 Rd1 41. Rxd1 Nxd1 42. Nc6 Re6 43. Rd2 Rxc6 44. Rxd1 Rc2+ 45. Kh3 Rxa2 46. Rd8+ Kf7 47. Rd7+ Ke6 48. Rxh7 a5 49. Rg7 Kf6 50. Ra7 Ra3 51. Kg4 Rxb3 52. Rxa5 Rc3 53. Ra6+ Kg7 54. Rb6 b3 55. f4 Kf7 56. Kh4 Rf3 57. g4 Rxf4 58. Rxb3 Kg7 59. Kg5 Rf7 60. Rb6 Kh7 61. Rxg6 Rg7 62. Rxg7+ Kxg7 63. Kf5 Kf7 64. g5 Kg7 65. g6 Kg8 66. Kf6 Kf8 67. g7+ Kg8 68. Kg6 1/2-1/2

[Event "FIN-chT 2223"]
[Site "Finland"]
[Date "2022.09.25"]
[Round "2.1"]
[White "Kulaots, Kaido"]
[Black "Sammalvuo, Tapani"]
[Result "1/2-1/2"]
[WhiteElo "2533"]
[BlackElo "2416"]
[PlyCount "91"]
[EventDate "2022.09.24"]
[EventType "team-tourn"]
[EventRounds "11"]
[EventCountry "FIN"]
[SourceTitle "CBM 210 Extra"]
[Source "ChessBase"]
[SourceDate "2022.11.30"]
[SourceVersion "1"]
[SourceVersionDate "2022.11.30"]
[SourceQuality "1"]
[WhiteTeam "Salo SalSK"]
[BlackTeam "Raahe Li"]
[WhiteTeamCountry "FIN"]
[BlackTeamCountry "FIN"]

1. d4 d5 2. c4 e6 3. Nc3 Be7 4. cxd5 exd5 5. Bf4 c6 6. e3 Bf5 7. g4 Be6 8. h3 Nd7 9. a3 h5 10. gxh5 Nb6 11. Nf3 Rxh5 12. Ne5 Nf6 13. Qf3 Bf5 14. 0-0-0 g6 15. Bd3 Qc8 16. Qe2 Bxd3 17. Qxd3 Qf5 18. Qxf5 Rxf5 19. f3 Nfd7 20. Ne2 Bh4 21. Rhg1 g5 22. Ng3 Bxg3 23. Bxg3 Nxe5 24. Bxe5 f6 25. Bc7 Nc4 26. h4 Kd7 27. Bg3 Nxe3 28. Rde1 Rxf3 29. hxg5 fxg5 30. Be5 g4 31. Rh1 Re8 32. Rh6 Nf5 33. Rg6 Re3 34. Rh1 Re4 35. Rf6 Nxd4 36. Rh7+ Kd8 37. Bxd4 Rxd4 38. Rff7 Rc4+ 39. Kb1 Rce4 40. Rd7+ Kc8 41. Rc7+ Kb8 42. Rxb7+ Ka8 43. Rxa7+ Kb8 44. Rhb7+ Kc8 45. Rg7 Kb8 46. Rab7+ 1/2-1/2

[Event "ISL-chT1 2122"]
[Site "Reykjavik"]
[Date "2022.03.05"]
[Round "9.3"]
[White "Brynell, Stellan"]
[Black "Sammalvuo, Tapani"]
[Result "1/2-1/2"]
[WhiteElo "2406"]
[BlackElo "2411"]
[PlyCount "41"]
[EventDate "2021.09.30"]
[EventType "team-tourn"]
[EventRounds "10"]
[EventCountry "ISL"]
[SourceTitle "EXT 2023"]
[Source "ChessBase"]
[SourceDate "2022.10.05"]
[SourceVersion "1"]
[SourceVersionDate "2022.10.05"]
[SourceQuality "1"]
[WhiteTeam "Taflfelag Gardabaejar"]
[BlackTeam "Vikingaklubburinn"]
[WhiteTeamCountry "ISL"]
[BlackTeamCountry "ISL"]

1. d4 Nf6 2. Nf3 e6 3. g3 d5 4. Bg2 b5 5. a4 b4 6. c4 bxc3 7. Nxc3 Be7 8. 0-0 0-0 9. Bf4 Na6 10. Ne5 Nb4 11. Na2 Nxa2 12. Nc6 Qd7 13. Nxe7+ Qxe7 14. Rxa2 Ba6 15. Qc2 Qb4 16. Qc3 Qxc3 17. bxc3 Rfc8 18. Rb1 c5 19. Bf3 cxd4 20. cxd4 Ne4 21. Bxe4 1/2-1/2

[Event "FIN-chT 2022"]
[Site "Finland"]
[Date "2021.10.17"]
[Round "11.3"]
[White "Ebeling, Mika"]
[Black "Sammalvuo, Tapani"]
[Result "0-1"]
[WhiteElo "2253"]
[BlackElo "2416"]
[PlyCount "76"]
[EventDate "2020.09.12"]
[EventType "team-tourn"]
[EventRounds "11"]
[EventCountry "FIN"]
[SourceTitle "EXT 2023"]
[Source "ChessBase"]
[SourceDate "2022.10.05"]
[SourceVersion "1"]
[SourceVersionDate "2022.10.05"]
[SourceQuality "1"]
[WhiteTeam "Espoo MatSK"]
[BlackTeam "Helsinki Ninja"]
[WhiteTeamCountry "FIN"]
[BlackTeamCountry "FIN"]

1. e4 e5 2. Nf3 Nc6 3. Bb5 a6 4. Ba4 Nf6 5. 0-0 Be7 6. Re1 b5 7. Bb3 d6 8. c3 0-0 9. h3 Nb8 10. d4 Nbd7 11. Nbd2 Bb7 12. Bc2 Re8 13. Nf1 Bf8 14. Ng3 g6 15. Bg5 h6 16. Bc1 exd4 17. cxd4 c5 18. d5 Bg7 19. Be3 Nb6 20. Qc1 Kh7 21. b3 a5 22. Rb1 b4 23. Bd3 Ba6 24. Bxa6 Rxa6 25. Nd2 a4 26. a3 Nfd7 27. bxa4 bxa3 28. Qxa3 Rxa4 29. Qd3 Qa8 30. Qb5 Ra6 31. Rb3 Rc8 32. Nc4 Nxc4 33. Qxc4 Ne5 34. Qf1 c4 35. Rb4 Nd3 36. Rxc4 Nxe1 37. Rxc8 Qxc8 38. Qxe1 Ra1 0-1

[Event "Helsinki EtVaS CC"]
[Site "Helsinki"]
[Date "2020.09.06"]
[Round "4"]
[White "Sammalvuo, Tapani"]
[Black "Jarvenpaa, Jari"]
[Result "1-0"]
[WhiteElo "2407"]
[BlackElo "2265"]
[PlyCount "119"]
[EventDate "2020.09.04"]
[EventType "tourn"]
[EventRounds "7"]
[EventCountry "FIN"]
[EventCategory "1"]
[SourceTitle "CBM 198 Extra"]
[Source "ChessBase"]
[SourceDate "2020.11.30"]
[SourceVersion "1"]
[SourceVersionDate "2020.11.30"]
[SourceQuality "1"]

1. d4 e6 2. Nf3 f5 3. g3 Nf6 4. Bg2 d5 5. 0-0 Bd6 6. c4 c6 7. Nc3 0-0 8. Qc2 Ne4 9. Rb1 a5 10. a3 Nxc3 11. bxc3 b5 12. cxb5 cxb5 13. Rxb5 Ba6 14. Rb1 Qe7 15. a4 Nd7 16. Bg5 Qf7 17. Rb2 Rfc8 18. Rfb1 Rc6 19. Bf1 Rac8 20. Bd2 Qh5 21. Qd1 f4 22. gxf4 Qg4+ 23. Kh1 Bxf4 24. Bxf4 Qxf4 25. Qd2 Qf5 26. Qg5 Qxg5 27. Nxg5 h6 28. Nh3 Rxc3 29. Nf4 Rf8 30. e3 Bxf1 31. Rxf1 Kf7 32. Rb7 Rd8 33. Ra7 g5 34. Ne2 Rc2 35. Nc1 Ke8 36. Rxa5 Rb8 37. Nd3 Rb3 38. Rd1 Rcc3 39. Ne5 Nxe5 40. dxe5 Rb2 41. Kg1 Rc4 42. Ra7 Rg4+ 43. Kf1 Rc4 44. Kg2 Kd8 45. Kg3 Rc7 46. Ra8+ Rc8 47. Rxc8+ Kxc8 48. Rd4 h5 49. h4 gxh4+ 50. Rxh4 Ra2 51. Rf4 Kd8 52. Kh4 Ke7 53. Kxh5 d4 54. exd4 Rxa4 55. Kg4 Rc4 56. Kf3 Rc1 57. Rh4 Rd1 58. Ke2 Ra1 59. Rh7+ Kf8 60. Rc7 1-0

[Event "Helsinki EtVaS CC"]
[Site "Helsinki"]
[Date "2020.09.05"]
[Round "3"]
[White "Paasikangas Tella, Johanna"]
[Black "Sammalvuo, Tapani"]
[Result "0-1"]
[WhiteElo "2162"]
[BlackElo "2407"]
[PlyCount "140"]
[EventDate "2020.09.04"]
[EventType "tourn"]
[EventRounds "7"]
[EventCountry "FIN"]
[EventCategory "1"]
[SourceTitle "CBM 198 Extra"]
[Source "ChessBase"]
[SourceDate "2020.11.30"]
[SourceVersion "1"]
[SourceVersionDate "2020.11.30"]
[SourceQuality "1"]

1. d4 Nf6 2. c4 e6 3. Nc3 Bb4 4. Qc2 c5 5. dxc5 0-0 6. a3 Bxc5 7. Nf3 Qb6 8. e3 Qc7 9. Be2 a6 10. 0-0 b6 11. b4 Be7 12. Bb2 d6 13. Rac1 Bb7 14. Rfd1 Nbd7 15. h3 Rac8 16. Qd3 Bxf3 17. gxf3 Ne5 18. Qd4 Nxc4 19. Bxc4 Qxc4 20. Qxc4 Rxc4 21. Na4 Rxc1 22. Rxc1 b5 23. Nb6 Rb8 24. Rc6 Bd8 25. Nc8 d5 26. Be5 Ra8 27. Nd6 Nd7 28. Bc3 Kf8 29. Nb7 Bb6 30. Kf1 g6 31. Ke2 Ra7 32. Nc5 Nxc5 33. Rxb6 Nd7 34. Rc6 Ke7 35. f4 Kd8 36. Bd4 Ra8 37. Kf3 Ke7 38. Kg4 h6 39. Kf3 Kd8 40. Ke2 Ke7 41. Kd3 g5 42. fxg5 hxg5 43. f3 a5 44. Bc3 axb4 45. Bxb4+ Kf6 46. Ke2 Ra7 47. f4 gxf4 48. exf4 Kf5 49. Kf3 Rb7 50. h4 Nf6 51. Rc8 Nh5 52. Bd6 Rd7 53. Rc6 Ra7 54. Rb6 Nxf4 55. Rxb5 e5 56. Bc5 Ra8 57. Rb6 d4 58. Bd6 e4+ 59. Kf2 Nd5 60. Rb5 Ke6 61. Bc5 e3+ 62. Kf3 e2 63. Rb1 d3 64. Bb4 Rb8 65. Kf2 Kf5 66. Rb3 Ke4 67. Rb1 Nc3 68. Re1 Nd1+ 69. Kg2 Rxb4 70. axb4 Ke3 0-1

[Event "FIN-chT 1819"]
[Site "Finland"]
[Date "2019.02.10"]
[Round "8.4"]
[White "Pershin, Denis"]
[Black "Sammalvuo, Tapani"]
[Result "1-0"]
[WhiteElo "2390"]
[BlackElo "2416"]
[PlyCount "121"]
[EventDate "2018.09.15"]
[EventType "team-tourn"]
[EventRounds "11"]
[EventCountry "FIN"]
[SourceTitle "EXT 2021"]
[Source "ChessBase"]
[SourceDate "2020.10.23"]
[SourceVersion "1"]
[SourceVersionDate "2020.10.23"]
[SourceQuality "1"]
[WhiteTeam "Espoo MatSK"]
[BlackTeam "Helsinki Comeon"]
[WhiteTeamCountry "FIN"]
[BlackTeamCountry "FIN"]

1. d4 Nf6 2. c4 e6 3. Nc3 Bb4 4. Qc2 c5 5. dxc5 0-0 6. a3 Bxc5 7. Nf3 b6 8. e4 Ng4 9. Bg5 f6 10. Bh4 Nc6 11. b4 Be7 12. Bg3 Nge5 13. Nxe5 fxe5 14. Bd3 a5 15. b5 Nd4 16. Qb2 d6 17. 0-0 Bh4 18. Ne2 Nxe2+ 19. Qxe2 Bxg3 20. hxg3 Qg5 21. Rad1 Bb7 22. Bc2 Rad8 23. Bb3 Kf7 24. Rd3 Ke7 25. Rfd1 Rd7 26. f3 Rc8 27. Qf2 Rc5 28. R1d2 h5 29. Kf1 Rd8 30. Ke2 Rd7 31. Ke1 Rd8 32. Kf1 Rd7 33. Kg1 Rd8 34. Rd1 Rd7 35. Rf1 Kd8 36. Kh2 Kc7 37. Rfd1 Ba8 38. Qd2 Qxd2 39. R1xd2 g5 40. Kh3 Rd8 41. a4 Bb7 42. g4 h4 43. g3 hxg3 44. Kxg3 Rh8 45. Rxd6 Bd5 46. cxd5 Kxd6 47. dxe6+ Ke7 48. Rd7+ Kf6 49. Rf7+ Kg6 50. Rf5 Rh7 51. Kg2 Re7 52. Kf2 Rh7 53. Kg3 Re7 54. Bd5 Rc3 55. Rxe5 Ra3 56. Rf5 Rxa4 57. Rf8 Rb4 58. f4 gxf4+ 59. Kxf4 Rxb5 60. Ke5 Kg7 61. Rd8 1-0

[Event "SWE-chT 1819 Elite"]
[Site "Sweden"]
[Date "2018.11.11"]
[Round "3.5"]
[White "Sammalvuo, Tapani"]
[Black "Holm, Kristian Stuvik"]
[Result "1/2-1/2"]
[WhiteElo "2411"]
[BlackElo "2467"]
[PlyCount "96"]
[EventDate "2018.11.09"]
[EventType "team-tourn"]
[EventRounds "9"]
[EventCountry "SWE"]
[SourceTitle "CBM 187 Extra"]
[Source "ChessBase"]
[SourceDate "2018.11.04"]
[SourceVersion "1"]
[SourceVersionDate "2018.11.04"]
[SourceQuality "1"]
[WhiteTeam "Farsta"]
[BlackTeam "Lunds"]
[WhiteTeamCountry "SWE"]
[BlackTeamCountry "SWE"]

1. d4 Nf6 2. c4 g6 3. Nc3 d5 4. Nf3 Bg7 5. Bg5 Ne4 6. Bf4 Nxc3 7. bxc3 c5 8. cxd5 Qxd5 9. e3 0-0 10. Be2 cxd4 11. cxd4 Qa5+ 12. Qd2 Nc6 13. Qxa5 Nxa5 14. Bc7 Nc6 15. 0-0 Bf5 16. Rfc1 Rac8 17. Bg3 Nb4 18. Ne1 Rxc1 19. Rxc1 Rc8 20. Rxc8+ Bxc8 21. Bc4 e6 22. a3 Nc6 23. Bd6 Bf8 24. Bxf8 Kxf8 25. Nd3 Ke7 26. f4 Na5 27. Ba2 b6 28. Kf2 Ba6 29. Nb4 Bc4 30. Bb1 Bb5 31. Bc2 Nc4 32. a4 Bd7 33. Na2 b5 34. axb5 Bxb5 35. Nc3 Bc6 36. Bd3 Nb6 37. Ba6 Nd5 38. Nxd5+ Bxd5 39. g4 f6 40. g5 fxg5 41. fxg5 e5 42. e4 Bxe4 43. Ke3 Bc6 44. dxe5 Ke6 45. Kd4 Ke7 46. h4 Bd7 47. Kd5 Be8 48. Ke4 Bc6+ 1/2-1/2

[Event "Helsinki HSK op"]
[Site "Helsinki"]
[Date "2018.09.01"]
[Round "3"]
[White "Jarvenpaa, Jari"]
[Black "Sammalvuo, Tapani"]
[Result "1/2-1/2"]
[WhiteElo "2353"]
[BlackElo "2406"]
[PlyCount "141"]
[EventDate "2018.08.31"]
[EventType "swiss"]
[EventRounds "5"]
[EventCountry "FIN"]
[SourceTitle "EXT 2021"]
[Source "ChessBase"]
[SourceDate "2020.10.23"]
[SourceVersion "1"]
[SourceVersionDate "2020.10.23"]
[SourceQuality "1"]

1. e4 e5 2. Nf3 Nc6 3. Bc4 Nf6 4. d3 Be7 5. Nc3 d6 6. a3 0-0 7. h3 Be6 8. Bxe6 fxe6 9. d4 exd4 10. Nxd4 Nxd4 11. Qxd4 d5 12. 0-0 c5 13. Qe5 Qd7 14. exd5 exd5 15. Bg5 Bd6 16. Qe2 Rae8 17. Qd3 c4 18. Qd2 d4 19. Bxf6 Rxf6 20. Ne2 c3 21. bxc3 dxc3 22. Qd5+ Kh8 23. Nxc3 Qe7 24. Qd3 Qe5 25. g3 Bc5 26. Rad1 Rd6 27. Nd5 Rf8 28. Kg2 b5 29. f4 Qb2 30. Qe2 Bxa3 31. Rb1 Qa2 32. Nc3 Qc4 33. Qxc4 bxc4 34. Ne4 Rd4 35. Kf3 c3 36. Nxc3 Rc4 37. Rb3 Bc5 38. Ne4 Bb6 39. c3 Rd8 40. Re1 Rd3+ 41. Kg4 h6 42. Rb5 Kg8 43. Re5 Rc6 44. f5 Bc7 45. Re6 Rc4 46. Re8+ Kf7 47. Kh5 Kxe8 48. Nd6+ Kd8 49. Nxc4 Rxg3 50. h4 Rxc3 51. Ne5 Rg3 52. Nf7+ Kd7 53. f6 Bf4 54. Re7+ Kc6 55. Nd8+ Kd6 56. Rxg7 Rf3 57. Rxa7 Be5 58. Nf7+ Ke6 59. Nxe5 Kxe5 60. f7 Rf6 61. f8Q Rxf8 62. Kxh6 Kf6 63. Ra6+ Kf7 64. Kg5 Rg8+ 65. Kf5 Kg7 66. Rg6+ Kh7 67. Rxg8 Kxg8 68. Kg6 Kh8 69. h5 Kg8 70. h6 Kh8 71. h7 1/2-1/2

[Event "Gothenburg Manhem-A"]
[Site "Gothenburg"]
[Date "2018.08.14"]
[Round "5"]
[White "Sammalvuo, Tapani"]
[Black "Brynell, Stellan"]
[Result "1/2-1/2"]
[WhiteElo "2411"]
[BlackElo "2391"]
[PlyCount "109"]
[EventDate "2018.08.11"]
[EventType "tourn"]
[EventRounds "9"]
[EventCountry "SWE"]
[EventCategory "8"]
[SourceTitle "CBM 186 Extra"]
[Source "ChessBase"]
[SourceDate "2018.08.24"]
[SourceVersion "1"]
[SourceVersionDate "2018.08.24"]
[SourceQuality "1"]

1. d4 Nf6 2. c4 e6 3. Nf3 b6 4. g3 Bb7 5. Bg2 Be7 6. 0-0 0-0 7. Re1 c5 8. d5 exd5 9. Nh4 Ne4 10. cxd5 Bxh4 11. Bxe4 Bf6 12. Nc3 d6 13. Qc2 h6 14. Bf4 a6 15. Bg2 Qe7 16. Rad1 Nd7 17. Bd2 b5 18. Ne4 Rfe8 19. Nxf6+ Nxf6 20. e4 b4 21. e5 Nd7 22. f4 Rad8 23. e6 Nb6 24. f5 Bxd5 25. Bxd5 Nxd5 26. Bxh6 Nc7 27. Re4 Qf6 28. exf7+ Qxf7 29. Rg4 Qh5 30. Rxg7+ Kh8 31. f6 Qxh6 32. Rxc7 Qe3+ 33. Kg2 Qe2+ 34. Qxe2 Rxe2+ 35. Kh3 Rf2 36. Rd5 Rxf6 37. Rh5+ Kg8 38. Rhh7 d5 39. Rcg7+ Kf8 40. Rc7 Kg8 41. Rhg7+ Kf8 42. g4 d4 43. g5 Rf1 44. g6 d3 45. Rh7 Kg8 46. Rcg7+ Kf8 47. Re7 Kg8 48. Rhg7+ Kf8 49. Rh7 Kg8 50. Reg7+ Kf8 51. Ra7 Kg8 52. Rhg7+ Kf8 53. Rh7 Kg8 54. Rhg7+ Kf8 55. Rh7 1/2-1/2

[Event "Gothenburg Manhem-A"]
[Site "Gothenburg"]
[Date "2018.08.12"]
[Round "3"]
[White "Sammalvuo, Tapani"]
[Black "Schneider, Stefan"]
[Result "1-0"]
[WhiteElo "2411"]
[BlackElo "2399"]
[PlyCount "147"]
[EventDate "2018.08.11"]
[EventType "tourn"]
[EventRounds "9"]
[EventCountry "SWE"]
[EventCategory "8"]
[SourceTitle "CBM 186 Extra"]
[Source "ChessBase"]
[SourceDate "2018.08.24"]
[SourceVersion "1"]
[SourceVersionDate "2018.08.24"]
[SourceQuality "1"]

1. d4 Nf6 2. c4 e6 3. Nf3 Bb4+ 4. Bd2 Qe7 5. g3 Nc6 6. Nc3 0-0 7. Bg2 Na5 8. b3 b6 9. Qc2 Bb7 10. 0-0 Rac8 11. a3 Bxc3 12. Bxc3 Be4 13. Qb2 Nb7 14. Rfd1 d5 15. cxd5 Nxd5 16. Bd2 c5 17. Rac1 h6 18. dxc5 Nxc5 19. b4 Nd7 20. Qd4 f5 21. Bf1 Rfd8 22. Nh4 Bc2 23. Re1 Qf6 24. Nf3 Be4 25. Qxf6 N7xf6 26. Nd4 Nc7 27. Bc3 b5 28. Bb2 Kf7 29. e3 a6 30. Nc6 Bxc6 31. Rxc6 Nce8 32. Rxa6 Rd2 33. Re2 Rd1 34. f3 Nd5 35. e4 fxe4 36. fxe4 Ndf6 37. Rf2 Kg8 38. Rxe6 Ng4 39. Re2 Nc7 40. Re7 Ne6 41. Rxe6 Rf8 42. Rg6 Rdxf1+ 43. Kg2 R8f2+ 44. Rxf2 Rxf2+ 45. Kg1 Rxb2 46. Rxg4 Ra2 47. Rf4 Rxa3 48. Rf5 Ra1+ 49. Kf2 Ra2+ 50. Kg1 Re2 51. Re5 Kf7 52. h4 Kf6 53. Rf5+ Ke6 54. Rxb5 Rxe4 55. Kf2 Rc4 56. Kf3 Kf6 57. Rb6+ Kf7 58. h5 Rc3+ 59. Kf4 Rb3 60. g4 Rb1 61. Ke5 Re1+ 62. Kd5 Rb1 63. Kc5 Rc1+ 64. Kb5 g5 65. Rc6 Rg1 66. Rc4 Ke6 67. Kc6 Rf1 68. b5 Rf4 69. Rxf4 gxf4 70. b6 f3 71. b7 f2 72. b8Q f1Q 73. Qe8+ Kf6 74. Qf8+ 1-0

[Event "Gothenburg Manhem-A"]
[Site "Gothenburg"]
[Date "2018.08.11"]
[Round "1"]
[White "Sammalvuo, Tapani"]
[Black "Lindberg, Bengt"]
[Result "1/2-1/2"]
[WhiteElo "2411"]
[BlackElo "2416"]
[PlyCount "134"]
[EventDate "2018.08.11"]
[EventType "tourn"]
[EventRounds "9"]
[EventCountry "SWE"]
[EventCategory "8"]
[SourceTitle "CBM 186 Extra"]
[Source "ChessBase"]
[SourceDate "2018.08.24"]
[SourceVersion "1"]
[SourceVersionDate "2018.08.24"]
[SourceQuality "1"]

1. d4 Nf6 2. c4 e6 3. Nf3 b6 4. g3 Ba6 5. Qc2 Bb4+ 6. Bd2 Be7 7. e4 d5 8. cxd5 Bxf1 9. Kxf1 exd5 10. e5 Ne4 11. Nc3 Nxd2+ 12. Nxd2 Qd7 13. Qb3 Nc6 14. Nf3 Rd8 15. Kg2 0-0 16. Rac1 Na5 17. Qc2 c5 18. Rcd1 Qb7 19. h4 Nc6 20. a3 Nxd4 21. Nxd4 cxd4 22. Ne2 Rfe8 23. Rhe1 Bc5 24. b4 Bf8 25. Nxd4 Rc8 26. Qd3 Rc4 27. Nf5 Re4 28. Rxe4 dxe4 29. Qb5 e3+ 30. f3 Qb8 31. Rd5 a6 32. Qd3 Rxe5 33. Nxe3 Re8 34. Ng4 Qc8 35. Rh5 h6 36. Rd5 Qe6 37. Ne5 b5 38. h5 Be7 39. Ng4 Rc8 40. Re5 Qd6 41. Rd5 Qc6 42. Rd7 Qe6 43. Ne3 Bf8 44. Nd5 Qe5 45. Nf4 Rc3 46. Qe4 Qxe4 47. fxe4 Rxa3 48. Rd8 a5 49. bxa5 Rxa5 50. e5 Ra7 51. Rb8 b4 52. Kf3 b3 53. Nd5 b2 54. Rxb2 Be7 55. Rb8+ Kh7 56. Ne3 Bg5 57. Nf5 g6 58. hxg6+ Kxg6 59. g4 Ra3+ 60. Kf2 Ra2+ 61. Kf3 Ra3+ 62. Ke2 Ra5 63. Re8 Bf4 64. Rg8+ Kh7 65. Rg7+ Kh8 66. Rxf7 Rxe5+ 67. Kf3 Bg5 1/2-1/2